Risālat al-Malāʼikah (Record no. 49320)
[ view plain ]
| 000 -LEADER | |
|---|---|
| fixed length control field | 01200cam a22002531 4500 |
| 001 - CONTROL NUMBER | |
| control field | ne 67000125 |
| 003 - CONTROL NUMBER IDENTIFIER | |
| control field | DLC |
| 005 - DATE AND TIME OF LATEST TRANSACTION | |
| control field | 20260227111828.0 |
| 008 - FIXED-LENGTH DATA ELEMENTS--GENERAL INFORMATION | |
| fixed length control field | 811002s1966 le b 000 0 arar |
| 010 ## - LIBRARY OF CONGRESS CONTROL NUMBER | |
| LC control number | ne 67000125 |
| 035 ## - SYSTEM CONTROL NUMBER | |
| System control number | (OCoLC)7809661 |
| 040 ## - CATALOGING SOURCE | |
| Original cataloging agency | DLC |
| Transcribing agency | TU |
| Modifying agency | TU |
| -- | DLC |
| 050 00 - LIBRARY OF CONGRESS CALL NUMBER | |
| Classification number | PJ6101 |
| Item number | .A6 1966 |
| 100 0# - MAIN ENTRY--PERSONAL NAME | |
| Personal name | Abū al-ʻAlāʼ al-Maʻarrī, |
| Dates associated with a name | 973-1057. |
| 245 10 - TITLE STATEMENT | |
| Title | Risālat al-Malāʼikah |
| Statement of responsibility, etc. | Imlāʼ Abī al-ʻAlāʼ al-Maʼarrī Aḥmad ibn Abd Allāh ibn sulaymān al-Tanūkhī al-Maʻarrī. wa-Yalīhā Risālat al-hanāʼ, wa-rasāʼil Abī al-ʻAlā, maʻ dāʼī al-duʻāh wa-rasāʻil ʻUkhrā. taḥqīq Lijnah min al-ʻUlamāʼ. |
| 260 ## - PUBLICATION, DISTRIBUTION, ETC. | |
| Place of publication, distribution, etc. | Bayrūt, |
| Name of publisher, distributor, etc. | al-Maktab al-tijārī Lil-ṭabaʼah wa-al-tawzīʼ wa-al-Nashr. |
| Date of publication, distribution, etc. | [1966?] |
| 300 ## - PHYSICAL DESCRIPTION | |
| Extent | 20, 203 p. |
| Dimensions | 24 cm. |
| 490 0# - SERIES STATEMENT | |
| Series statement | Dhakhāʼir al-turāth al-ʻArabī. |
| 500 ## - GENERAL NOTE | |
| General note | Cover title: Risālat al malaʼika [by] A.A. al-Maʻarri. |
| 500 ## - GENERAL NOTE | |
| General note | A reprint of al-Jundī's edition of Risālat al-Malāʼikah (Damascus, 1944); the other works names on t.p. are not included in this publication. |
| 504 ## - BIBLIOGRAPHY, ETC. NOTE | |
| Bibliography, etc. note | Bibliography: p. 302-303. |
| 650 #0 - SUBJECT ADDED ENTRY--TOPICAL TERM | |
| Topical term or geographic name entry element | Arabic language |
| General subdivision | Grammar. |
| 700 1# - ADDED ENTRY--PERSONAL NAME | |
| Personal name | Jundī, Muḥammad Salīm. |
No items available.